Najmniejsze państwo świata na każdą literę - Statystyki

Ogólne statystyki
  • Ten quiz został rozwiązany 141 razy
  • Średni wynik to 15 z 24
Statystyki odpowiedzi
Litera Powierzchnia (w km2) Państwo % Poprawnych
W 0,5 Watykan
95%
Ł 64 589 Łotwa
88%
O 309 500 Oman
87%
M 2 Monako
85%
V 12 189 Vanuatu
76%
L 160 Liechtenstein
71%
F 18 272 Fidżi
69%
S 62 San Marino
69%
U 176 220 Urugwaj
69%
H 27 750 Haiti
65%
A 435 Antigua i Barbuda
64%
B 431 Barbados
62%
T 26 Tuvalu
61%
D 754 Dominika
59%
N 21 Nauru
57%
P 508 Palau
57%
J 10 991 Jamajka
56%
E 17 363 Eswatini
52%
K 811 Kiribati
52%
Z 83 600 Zjednoczone Emiraty Arabskie
51%
C 9 250 Cypr
50%
G 344 Grenada
48%
I 22 072 Izrael
43%
R 4 033 Republika Zielonego Przylądka
32%
Nie znaleziono quizów pasujących do podanych kryteriów
Rozkład punktacji
Procent ludzi z każdym wynikiem
Percentyl według liczby udzielonych odpowiedzi
Twoja historia wyników
Nie rozwiązałeś tego quizu